Hanyang Ŭidae haksulchi = (Record no. 1460)

MARC details
000 -LEADER
fixed length control field 01738cas a2200529 a 4500
001 - CONTROL NUMBER
control field data
005 - DATE AND TIME OF LATEST TRANSACTION
control field 20260322212101.0
008 - FIXED-LENGTH DATA ELEMENTS--GENERAL INFORMATION
fixed length control field data
010 ## - LIBRARY OF CONGRESS CONTROL NUMBER
LC control number 90657538
Canceled/invalid LC control number sc 83003369
016 7# - NATIONAL BIBLIOGRAPHIC AGENCY CONTROL NUMBER
Record control number 8211519
Source DNLM
016 7# - NATIONAL BIBLIOGRAPHIC AGENCY CONTROL NUMBER
Record control number H02090000
Canceled/invalid control number J22390000
Source DNLM
022 0# - INTERNATIONAL STANDARD SERIAL NUMBER
International Standard Serial Number 0254-5942
Source z
023 0# - CLUSTER ISSN
Cluster ISSN 0254-5942
Source z
029 0# - OTHER SYSTEM CONTROL NUMBER (OCLC)
OCLC library identifier NLM
System control number 8211519
029 1# - OTHER SYSTEM CONTROL NUMBER (OCLC)
OCLC library identifier AU@
System control number 000015430359
030 ## - CODEN DESIGNATION
CODEN HIHAD3
035 ## - SYSTEM CONTROL NUMBER
System control number (OCoLC)8676513
040 ## - CATALOGING SOURCE
Original cataloging agency NLM
Language of cataloging eng
Transcribing agency NLM
Modifying agency OCLCQ
-- AIP
-- NSD
-- DLC
-- OCLCQ
-- OCLCO
-- OCLCF
-- OCLCQ
-- NLM
-- OCLCO
-- OCLCA
-- OCLCQ
041 0# - LANGUAGE CODE
Language code of text/sound track or separate title kor
Language code of summary or abstract eng
042 ## - AUTHENTICATION CODE
Authentication code nsdp
-- nsdp
050 00 - LIBRARY OF CONGRESS CALL NUMBER
Classification number R97.7.K6
Item number H38
060 00 - NATIONAL LIBRARY OF MEDICINE CALL NUMBER
Classification number W1
Item number HA539
210 0# - ABBREVIATED TITLE
Abbreviated title Hanṅyaṅ ṅüi-dai hagsur ji
222 #0 - KEY TITLE
Key title Hanṅyaṅ ṅüi-dai hagsur ji
245 00 - TITLE STATEMENT
Title Hanyang Ŭidae haksulchi =
Remainder of title The journal of Hanyang Medical College.
246 31 - VARYING FORM OF TITLE
Title proper/short title Journal of Hanyang Medical College
260 ## - PUBLICATION, DISTRIBUTION, ETC.
Place of publication, distribution, etc. [Sŏul] :
Name of publisher, distributor, etc. Hanyang Taehakkyo Ŭikwa Taehak,
Date of publication, distribution, etc. 1981-
300 ## - PHYSICAL DESCRIPTION
Extent volumes :
Other physical details illustrations ;
Dimensions 26 cm
310 ## - CURRENT PUBLICATION FREQUENCY
Current publication frequency Irregular
336 ## - CONTENT TYPE
Content type term text
Content type code txt
Source rdacontent
337 ## - MEDIA TYPE
Media type term unmediated
Media type code n
Source rdamedia
338 ## - CARRIER TYPE
Carrier type term volume
Carrier type code nc
Source rdacarrier
362 0# - DATES OF PUBLICATION AND/OR SEQUENTIAL DESIGNATION
Dates of publication and/or sequential designation Vol. 1, no. 1-
510 2# - CITATION/REFERENCES NOTE
Name of source Chemical abstracts
International Standard Serial Number 0009-2258
515 ## - NUMBERING PECULIARITIES NOTE
Numbering peculiarities note Vol. 1, no. 1 called also ch'angganho.
546 ## - LANGUAGE NOTE
Language note In Korean, with summaries in English.
588 ## - SOURCE OF DESCRIPTION NOTE
Source of description note Latest issue consulted: Vol. 8, no. 2, published in 1988.
650 #0 - SUBJECT ADDED ENTRY--TOPICAL TERM
Topical term or geographic name entry element Medicine.
650 #2 - SUBJECT ADDED ENTRY--TOPICAL TERM
Topical term or geographic name entry element Medicine.
650 #7 - SUBJECT ADDED ENTRY--TOPICAL TERM
Topical term or geographic name entry element Medicine.
Source of heading or term fast
Authority record control number or standard number (OCoLC)fst01014893
655 #2 - INDEX TERM--GENRE/FORM
Genre/form data or focus term Periodical.
710 2# - ADDED ENTRY--CORPORATE NAME
Corporate name or jurisdiction name as entry element Hanyang Taehakkyo.
Subordinate unit Ŭikwa Taehak.
890 ## -
-- Hanyang Ŭidae haksulchi.
906 ## - LOCAL DATA ELEMENT F, LDF (RLIN)
a 7
b cbc
c serials
d 3
e ncip
f 19
g n-oclcserc
991 ## -
-- c-Asian
-- R97.7.K6
-- H38
-- Korea
-- SERIALS
Holdings
Withdrawn status Lost status Damaged status Not for loan Home library Current library Shelving location Date acquired Total checkouts Full call number Barcode Date last seen Price effective from Koha item type
        Riverside Riverside General stacks 22/03/2026   R97.7.K6 LOC-RPL-00007 22/03/2026 22/03/2026 Books